000 00524nam a2200181Ia 4500
001 3237
005 20260306144906.0
008 260306t2004||||xx |||||||||||||| ||spa||
041 _aESP
082 _a262.91
_bC265
100 _aCongregación para la doctrina de la Fe
_eAUT
245 0 _aLa colaboración del hombre y la mujer en la iglesia y el mundo:
_bcarta a los Obispos de la Iglesia Católica
260 _c2004
300 _a31 páginas :
_c20 cm.
650 _aGEN
654 _aCHU
942 _cLIB
_dJUS
_fJUS
_2ddc
_n
999 _c3237
_d3237